000 01306nam a2200277 i 4500
001 37521
003 ES-MaACL
005 20250806050951.0
007 t|
008 030314s1870 sp |||| | spa d
080 _a663.64
245 0 0 _aDiscursos leídos ante la Real Academia de Ciencias Exactas, Físicas y Naturales en la recepción pública del Sr. D. Sandalio de Pereda y Martínez el día 24 de abril de 1870.
260 _aMadrid :
_b[s.n.],
_c1870 (
_fImp. de la Viuda de Aguado e Hijo)
300 _a55 p. ;
_c24 cm.
530 _aDisponible en formato digital.
594 _aRecoge el discurso de Sandalio de Pereda y Martínez, y el de contestación de Miguel Colmeiro
594 _aTema del discurso: Relaciones de los terrenos con el calor y componentes de las aguas minerales.
594 _aTema de la contestación: Naturaleza de las aguas minerales.
650 7 _aAguas minerales
_2embne
_9135517
700 1 _aPereda y Martínez, Sandalio de,
_d1822-1886
_990459
700 1 _aColmeiro, Miguel,
_d1816-1901
_939771
710 2 _aReal Academia de Ciencias Exactas, Físicas y Naturales de España.
_9175635
852 4 _aES-MaACL
_jT-103-F-14
856 4 _uhttp://bdh-rd.bne.es/viewer.vm?id=0000090056&page=1
_zBiblioteca Digital Hispánica
999 _c37521
_d37521